<?xml version="1.0" encoding="UTF-8"?>
<marc:record xmlns:marc="http://www.loc.gov/MARC21/slim">
   <marc:leader>00000nam a2200000 a 4500</marc:leader>
   <marc:datafield ind1="1" ind2=" " tag="100">
      <marc:subfield code="a">Rothemund, Marc</marc:subfield>
   </marc:datafield>
   <marc:datafield ind1="1" ind2=" " tag="100">
      <marc:subfield code="a">Vogel, Jürgen</marc:subfield>
   </marc:datafield>
   <marc:datafield ind1="1" ind2=" " tag="100">
      <marc:subfield code="a">Lauterbach, Heiner</marc:subfield>
   </marc:datafield>
   <marc:datafield ind1="0" ind2="0" tag="245">
      <marc:subfield code="a">Es ist zu deinem Besten</marc:subfield>
   </marc:datafield>
   <marc:datafield ind1="0" ind2="0" tag="245">
      <marc:subfield code="c">Darst. :  Heiner Lauterbach, Jürgen Vogel ... Regie: Marc Rothemund</marc:subfield>
   </marc:datafield>
   <marc:datafield ind1=" " ind2="1" tag="264">
      <marc:subfield code="a">Berlin</marc:subfield>
      <marc:subfield code="b">Studiocanal GmbH</marc:subfield>
      <marc:subfield code="c">2020</marc:subfield>
   </marc:datafield>
   <marc:datafield ind1="1" ind2=" " tag="520">
      <marc:subfield code="a">Arthur (Heiner Lauterbach), Bernhard (Jürgen Vogel) und Yussuf (Hilmi Sözer) sind Schwäger. Alle Drei eint der Missmut über ihre potenziellen Schwiegersöhne. Der eine ist ein linker Weltverbesserer, der andere ein fauler Typ mit Kontakten in der Drogenszene und der letzte ein Mann mittleren Alters, der auch noch Aktfotograf ist. Die selbst ernannten &#x84;Super-Schwäger&#x93; wollen ohne das Wissen ihrer Frauen und Töchter versuchen, die Schwiegersöhne in spe loszuwerden &#x96; komme was wolle!</marc:subfield>
   </marc:datafield>
   <marc:datafield ind1=" " ind2=" " tag="020">
      <marc:subfield code="a">4006680094038</marc:subfield>
      <marc:subfield code="9">4006680094038</marc:subfield>
   </marc:datafield>
   <marc:datafield ind1="0" ind2=" " tag="490">
      <marc:subfield code="v">0</marc:subfield>
   </marc:datafield>
   <marc:datafield ind1=" " ind2=" " tag="300">
      <marc:subfield code="a">1 DVD : ca. 87 Min.</marc:subfield>
   </marc:datafield>
</marc:record>
